000 01505nam a2200241Ia 4500
003 Ost
005 20260507075626.0
008 260507s9999||||xx |||||||||||||| ||und||
020 _a9789961654897
040 _cfsecg
041 _aara
082 _a332.165
100 _aبوبكر، مصطفى
_eمؤلف
245 0 _aالرقابة المصرفية والتنظيم الإحترازي الجزائري /
_c مصطفى بوبكر
260 _aالجزائر:
_bدار هومة,
_c2019
300 _a71 صفحة؛
_bجداول
_c24 سم
504 _aمراجع ص.69
520 _aالاشراف والرقابة المصرفية في النظام المصرفي الجزائري، تعريف وتشكيل واستقلالية البنك الجزائري من خلال الرقابة الاحترازية وكذلك مفهوم البنوك التجارية والمؤسسات المالية بالاضافة الى العمليات المصرفية وفق قانون النقد والقرض، وكيفية التنظيم الاحترازي في هذا النظام مع تبني معايير احترازية مستمدة من مقررات بازل3 وادارة مخاطر الائتمان ضمن النظم الاحترازية الجديدة في الجزائرو تقسيمها من الخطر العملياتي وخطر السوق والصرف والسيولة.
653 _aالبنوك- الجزائر
653 _aالتنظيم
653 _aالرقابة
942 _cكتاب
999 _c45169
_d45169